[Event "Simultan"]
[Site "?"]
[Date "2001.??.??"]
[Round "?"]
[White "Kasparov Garry"]
[Black "Gurevich Ilya"]
[Result "1-0"]
[WhiteElo "2849"]
[BlackElo "2586"]
[PlyCount "87"]
[EventDate "2001.??.??"]
[Source "www.chesslib.no"]
[SourceDate "2004.05.04"]

1. e4 e6 2. d4 b6 3. Nf3 Bb7 4. Bd3 Nf6 5. Qe2 Be7 6. O-O c5 7. c3 O-O 8. Nbd2 a5 9. a3 Ba6 10. c4 cxd4 11. Nxd4 Nc6 12. Nxc6 dxc6 13. Nf3 Qc7 14. e5 Nd7 15. Bc2 Rfd8 16. h4 Nf8 17. Qe4 c5 18. Qg4 Bb7 19. Be4 Bxe4 20. Qxe4 Qd7 21. Bd2 Qd3 22. Rfe1 Qxe4 23. Rxe4 Rd3 24. Kf1 Rad8 25. Ke2 Ng6 26. Bc3 R3d7 27. h5 Nf8 28. Rg4 h6 29. Nd2 Nh7 30. f4 f5 31. Rg3 Bh4 32. Rh3 Be7 33. Rg1 Kf7 34. g4 Rg8 35. Rhg3 Rdd8 36. gxf5 exf5 37. Rg6 Nf8 38. Rxb6 Ne6 39. Rxe6 Kxe6 40. Rg6+ Kd7 41. Nf1 Bh4 42. Ne3 Rdf8 43. Bxa5 Rb8 44. Bc3 1-0

[Event "IECG, Morgado Simul Exhibition"]
[Site "IECG, Morgado Simul Exhibitio"]
[Date "1995.??.??"]
[Round "?"]
[White "Morgado, Juan Sebastian"]
[Black "Rush, Bradley"]
[Result "1-0"]
[WhiteElo "2540"]
[BlackElo "2830"]
[PlyCount "53"]
[EventDate "1995.??.??"]
[Source "www.chesslib.no"]
[SourceDate "2004.05.04"]

1. e4 e6 2. d4 a6 3. Bd3 b5 4. f4 Bb7 5. Nf3 c5 6. c3 Nf6 7. e5 Nd5 8. O-O Qb6 9. Kh1 f5 10. exf6 Nxf6 11. f5 c4 12. Bc2 Bd5 13. fxe6 dxe6 14. Ne5 Nbd7 15. Bg5 Be7 16. Nxd7 Kxd7 17. Nd2 Raf8 18. Qe2 Qc6 19. Rae1 h6 20. Bf4 b4 21. Nf3 Bxf3 22. Rxf3 Nd5 23. Ba4 Qxa4 24. Qxe6+ Ke8 25. Qxd5 Qd7 26. Bd6 Rxf3 27. gxf3 1-0

[Event "Deutschland"]
[Site "?"]
[Date "2001.10.07"]
[Round "1.1"]
[White "Smagin Sergey B"]
[Black "Fridman Daniel"]
[Result "1-0"]
[WhiteElo "2585"]
[BlackElo "2562"]
[PlyCount "123"]
[EventDate "2001.??.??"]
[Source "www.chesslib.no"]
[SourceDate "2004.05.04"]

1. e4 e6 2. d4 Nf6 3. Bd3 e5 4. c3 d5 5. dxe5 Nxe4 6. Nd2 Nc6 7. Ngf3 Nc5 8. Bb1 Bg4 9. O-O Be7 10. b4 Nd7 11. Qa4 Nb6 12. Qc2 Qd7 13. a4 Qe6 14. Re1 a6 15. Ba2 Qg6 16. Qxg6 hxg6 17. a5 Na4 18. Re3 O-O-O 19. h3 Bf5 20. Bb3 Nxc3 21. Rxc3 Bxb4 22. Re3 Bxa5 23. Ng5 Rd7 24. g4 Be6 25. Ndf3 Bb6 26. Rd3 Nb4 27. Rd1 c5 28. Be3 Kb8 29. Nxe6 fxe6 30. Ng5 Re7 31. Kg2 Ba7 32. Bd2 Nd3 33. Bc2 Nb2 34. Rdb1 Nc4 35. Bf4 Rf8 36. Bg3 Ka8 37. Bxg6 Bb8 38. Ra2 Nxe5 39. Bxe5 Bxe5 40. Re1 Bd6 41. Rae2 e5 42. Rd1 d4 43. Ne4 Rd8 44. Rc1 Rc7 45. Ng5 Re7 46. Nf7 Rdd7 47. Nxd6 Rxd6 48. Bd3 Rde6 49. Be4 Rc7 50. Rec2 d3 51. Rxc5 Rxc5 52. Rxc5 Rd6 53. Rc8+ Ka7 54. Rc7 Kb6 55. Rxb7+ Kc5 56. Rxg7 d2 57. Bf3 d1=Q 58. Bxd1 Rxd1 59. h4 a5 60. h5 a4 61. h6 a3 62. h7 1-0

[Event "RUS-ch 54th"]
[Site "Elista"]
[Date "2001.05.07"]
[Round "7"]
[White "Bezgodov, Alexei"]
[Black "Dolmatov, Sergey"]
[Result "1/2-1/2"]
[WhiteElo "2543"]
[BlackElo "2587"]
[PlyCount "21"]
[EventDate "2001.04.29"]
[Source "ChessBase"]
[SourceDate "2001.07.05"]

1. e4 e6 2. d4 d5 3. Bd3 dxe4 4. Bxe4 Nf6 5. Bf3 c5 6. c3 Nc6 7. Ne2 Be7 8. O-O O-O 9. Re1 Bd7 10. Bg5 cxd4 11. Nxd4 1/2-1/2

[Event "otb"]
[Site "otb"]
[Date "2007.04.15"]
[Round "1.2"]
[White "Vitiugov Nikita"]
[Black "Meier Georg"]
[Result "1/2-1/2"]
[WhiteElo "2592"]
[BlackElo "2506"]
[PlyCount "39"]
[Source "www.chesslib.no"]
[SourceDate "2004.05.04"]

1. d4 e6 2. e4 d5 3. exd5 Qxd5 4. Nf3 Nf6 5. Be2 c5 6. O-O a6 7. c4 Qd8 8. Nc3 cxd4 9. Nxd4 Nbd7 10. a3 Qc7 11. b4 b6 12. Bf3 Bb7 13. Bf4 e5 14. Bg3 O-O-O 15. Bxb7+ Qxb7 16. Nf3 h5 17. Qe2 h4 18. Nxh4 Bd6 19. Nf5 Bc7 20. c5 1/2-1/2

[Event "Aeroflot Open 2008"]
[Site "Moscu RUS"]
[Date "2008.02.17"]
[Round "4.21"]
[White "Safarli, Eltaj"]
[Black "Minasian, Artashes"]
[Result "1/2-1/2"]
[WhiteElo "2496"]
[BlackElo "2578"]
[PlyCount "107"]
[EventDate "2008.02.14"]
[Source "www.chesslib.no"]
[SourceDate "2004.05.04"]

1. e4 e6 2. d4 d5 3. exd5 Nf6 4. c4 Be7 5. Nc3 O-O 6. Nf3 exd5 7. Be2 dxc4 8. Bxc4 Bg4 9. O-O Nc6 10. Be3 Qd6 11. Rc1 a6 12. Re1 Rad8 13. a3 Rd7 14. h3 Bh5 15. g4 Nxg4 16. hxg4 Bxg4 17. Ne4 Qg6 18. Ng3 h5 19. Bd3 Qf6 20. Be2 h4 21. Bg5 Qg6 22. Rxc6 bxc6 23. Nxh4 Qxg5 24. Bxg4 Rd5 25. Nhf5 Bd8 26. Qf3 Qd2 27. Re2 Qc1+ 28. Kg2 g6 29. Ne3 Rxd4 30. Rc2 Qe1 31. Rxc6 Rd6 32. Rxd6 cxd6 33. Ne4 Qc1 34. Qd1 Qxb2 35. Qxd6 a5 36. Bf3 Kg7 37. Nc4 Qa1 38. Qe5+ Qxe5 39. Nxe5 Be7 40. a4 Rc8 41. Be2 f5 42. Ng3 Rc2 43. Bb5 Bc5 44. Ne2 g5 45. Nc6 Kf6 46. Nxa5 g4 47. Nb3 Ba7 48. Nbd4 Rd2 49. Nc6 Bc5 50. f3 gxf3+ 51. Kxf3 Ra2 52. Ned4 Ra3+ 53. Ke2 f4 54. a5 1/2-1/2

[Event "7th Amplico AIG Life"]
[Site "Warsaw POL"]
[Date "2007.12.16"]
[Round "10"]
[White "Kravtsiv, M."]
[Black "Drozdovskij, Y."]
[Result "1/2-1/2"]
[WhiteElo "2498"]
[BlackElo "2567"]
[PlyCount "59"]
[EventDate "2007.12.15"]
[Source "www.chesslib.no"]
[SourceDate "2004.05.04"]

1. e4 e6 2. d4 d5 3. Bd3 dxe4 4. Bxe4 Nf6 5. Bf3 Nc6 6. Ne2 e5 7. Bxc6+ bxc6 8. Nbc3 exd4 9. Nxd4 c5 10. Qe2+ Qe7 11. Ndb5 Qxe2+ 12. Nxe2 Bd6 13. Bf4 Kd7 14. O-O-O Ne8 15. Nec3 Kc6 16. Nxd6 cxd6 17. Rhe1 Be6 18. Ne4 Rd8 19. Ng5 Nc7 20. Ne4 Ne8 21. Re3 Rd7 22. Rc3 Bd5 23. f3 Bxe4 24. fxe4 Nf6 25. e5 Nd5 26. Rf3 Nxf4 27. Rxf4 d5 28. Rdf1 Re8 29. Rxf7 Rxe5 30. Kd2 1/2-1/2

[Event "ISR-chT"]
[Site "Israel"]
[Date "1996.??.??"]
[Round "1"]
[White "Uritzky, Maxim"]
[Black "Psakhis, Lev"]
[Result "0-1"]
[WhiteElo "2430"]
[BlackElo "2610"]
[PlyCount "192"]
[EventDate "1996.??.??"]
[Source "ChessBase"]

1. e4 e6 2. d4 d5 3. Bd3 c5 4. exd5 exd5 5. dxc5 Bxc5 6. Nf3 Nf6 7. O-O O-O 8. Nbd2 Nc6 9. h3 Qd6 10. Nb3 Bb6 11. c4 Rd8 12. c5 Bxc5 13. Nxc5 Qxc5 14. Bg5 Qd6 15. Re1 h6 16. Bh4 Bd7 17. a3 Re8 18. Qd2 Rxe1+ 19. Rxe1 Re8 20. Rxe8+ Bxe8 21. Bc2 b6 22. Bxf6 Qxf6 23. Bb3 Ne7 24. Bxd5 Nxd5 25. Qxd5 Qxb2 26. Qa8 Qc1+ 27. Kh2 Qc7+ 28. Kg1 Qe7 29. Qc8 Kh7 30. Qc2+ g6 31. Qc3 Qc5 32. Qb2 Bd7 33. Qf6 Be6 34. a4 Qf5 35. Qe7 a5 36. Nd4 Qe4 37. Nxe6 Qxe6 38. Qh4 Qe1+ 39. Kh2 Qe5+ 40. g3 Kg7 41. Qd8 Qc5 42. Kg1 h5 43. Qd7 Qe5 44. h4 Qe6 45. Qb5 Kf8 46. Kg2 Ke7 47. Kg1 Kd8 48. Kf1 Kc7 49. Kg2 Qe4+ 50. Kh2 Qd4 51. Kg1 Kd6 52. Qe8 Qd1+ 53. Kg2 Qd5+ 54. Kg1 Qd1+ 55. Kg2 Qb3 56. Kg1 Kc5 57. Qe7+ Kd4 58. Qf6+ Kd3 59. Qc6 Qe6 60. Qc1 Qb3 61. Qc6 Kd2 62. Kh2 Qe6 63. Qc7 f5 64. Kg1 Qe1+ 65. Kg2 Qe4+ 66. Kg1 Qb1+ 67. Kg2 Ke2 68. Qc4+ Qd3 69. Qa2+ Kd1 70. Kg1 Ke1 71. Qa1+ Ke2 72. Qf1+ Kd2 73. Qa1 Qd6 74. Qb2+ Kd3 75. Qb3+ Kd4 76. Qb5 Kc3 77. Kg2 Qe6 78. Kg1 f4 79. gxf4 Kd4 80. f5 gxf5 81. Qb2+ Kd3 82. Qb5+ Kc3 83. Kh2 Qd6+ 84. Kg1 Qc5 85. Qe8 f4 86. Qf7 Qe5 87. Qg6 f3 88. Qg3 Qf6 89. Qg8 Kb4 90. Qe8 Qg7+ 91. Kf1 Qg2+ 92. Ke1 Qg1+ 93. Kd2 Qxf2+ 94. Kd3 Qe2+ 95. Qxe2 fxe2 96. Kxe2 Kxa4 0-1

[Event "Katrineholm"]
[Site "Katrineholm"]
[Date "1999.05.15"]
[Round "5"]
[White "Lutz, Christopher"]
[Black "Laveryd, Peter"]
[Result "1-0"]
[WhiteElo "2610"]
[BlackElo "2420"]
[PlyCount "53"]
[EventDate "1999.05.??"]
[Source "ChessBase"]
[SourceDate "1999.08.01"]

1. e4 e6 2. d4 a6 3. Nf3 b5 4. Bd3 c5 5. c3 Bb7 6. O-O Nf6 7. Re1 Qb6 8. Bg5 cxd4 9. cxd4 Nc6 10. Bf1 Na5 11. Nc3 Bb4 12. d5 O-O 13. Ne5 Qc7 14. Bxf6 gxf6 15. Ng4 Qf4 16. e5 f5 17. Nf6+ Kh8 18. Qh5 h6 19. Re3 Qg5 20. Qh3 f4 21. Nce4 Qg6 22. Rf3 Bxd5 23. Rxf4 Bxe4 24. Rxe4 Bd2 25. Rg4 Qf5 26. Qg3 Nc4 27. Bd3 1-0

[Event "Skanska Open"]
[Site "Pardubice"]
[Date "2004.07.27"]
[Round "5"]
[White "Simacek, Pavel"]
[Black "Chernyshov, Konstantin"]
[Result "0-1"]
[WhiteElo "2439"]
[BlackElo "2585"]
[PlyCount "96"]
[EventDate "2004.07.23"]
[Source "Roberto Alvarez"]
[SourceDate "2004.08.10"]

1. e4 e6 2. d4 b6 3. Nf3 Bb7 4. Bd3 d6 5. O-O Nd7 6. Re1 Ne7 7. b4 g6 8. Bb2 Bg7 9. Nbd2 O-O 10. c4 c5 11. a3 Nc6 12. Nb3 cxb4 13. axb4 Nxb4 14. Ba3 Nxd3 15. Qxd3 Qc7 16. Rac1 Rfd8 17. Nbd2 e5 18. h4 exd4 19. Nxd4 Nc5 20. Qe3 Re8 21. Nb5 Qe7 22. h5 a6 23. Nc3 Qh4 24. hxg6 hxg6 25. Nd5 Bxd5 26. cxd5 Bh6 27. Qd4 Bxd2 28. Bb2 f6 29. Qxd2 Nb3 30. Qb4 Nxc1 31. g3 Nd3 32. Qc3 Qh7 33. Qxd3 Qe7 34. e5 dxe5 35. Qxg6+ Qg7 36. Qd3 Rad8 37. Qxa6 Qf7 38. Qc4 Rxd5 39. Qg4+ Qg7 40. Qh5 Red8 41. Kg2 Rd2 42. Re4 Qh7 43. Qg4+ Kf7 44. Rc4 Rxf2+ 45. Kxf2 Qh2+ 46. Kf3 Qh1+ 47. Ke3 Qg1+ 48. Ke4 Qb1+ 0-1

[Event "Ch"]
[Site "Brzeg Dolny Ch Poland"]
[Date "1996.??.??"]
[Round "14"]
[White "Kuczynski, Robert"]
[Black "Kaminski, Marcin"]
[Result "1/2-1/2"]
[WhiteElo "2495"]
[BlackElo "2525"]
[PlyCount "24"]
[EventDate "1996.??.??"]
[Source "www.chesslib.no"]
[SourceDate "2004.05.04"]

1. e4 e6 2. d4 d5 3. Bg5 dxe4 4. b3 Be7 5. Bf6 Nd7 6. Bg5 Nh6 7. Bf4 Ba3 8. Bxh6 Be7 9. f3 Nb8 10. f4 Qd7 11. Be2 Bg5 12. Kd2 b6 1/2-1/2

[Event "XXVI Open di Andorra"]
[Site "La Massana AND"]
[Date "2008.07.25"]
[Round "7"]
[White "Mellado Trivino, J."]
[Black "Rodshtein, M."]
[Result "0-1"]
[WhiteElo "2413"]
[BlackElo "2605"]
[PlyCount "96"]
[EventDate "2008.07.19"]
[Source "www.chesslib.no"]
[SourceDate "2004.05.04"]

1. e4 e6 2. d4 d5 3. Bd3 dxe4 4. Bxe4 Nf6 5. Bf3 c5 6. Ne2 Nc6 7. Be3 cxd4 8. Nxd4 Ne5 9. O-O Nxf3+ 10. Qxf3 a6 11. Nc3 Bd6 12. Rad1 Qc7 13. h3 O-O 14. Bg5 Be5 15. Rfe1 h6 16. Bh4 Bd7 17. Qe2 Bh2+ 18. Kh1 g5 19. g3 gxh4 20. Kxh2 Kg7 21. Qf3 hxg3+ 22. fxg3 Rad8 23. Ne4 Nxe4 24. Qxe4 Bc6 25. Nxc6 Qxc6 26. Qe5+ Kh7 27. c3 Qa4 28. Rxd8 Rxd8 29. Re2 Rd5 30. Qc7 Rd7 31. Qe5 Qxa2 32. Qe4+ f5 33. Qxe6 Qxe6 34. Rxe6 Rd2+ 35. Kg1 Rxb2 36. Rf6 a5 37. Rxf5 b5 38. Rf6 a4 39. Ra6 Rc2 40. Ra5 Rxc3 41. Rxb5 Rxg3+ 42. Kh2 Rg5 43. Rb7+ Rg7 44. Rb2 a3 45. Ra2 Ra7 46. Kg3 Kg6 47. Kf3 Kf5 48. Kg3 Ra4 0-1

[Event "TCh-SCG Men"]
[Site "Budva"]
[Date "2004.09.11"]
[Round "4"]
[White "Miljanic, Boro"]
[Black "Solak, Dragan"]
[Result "1/2-1/2"]
[WhiteElo "2436"]
[BlackElo "2563"]
[PlyCount "87"]
[EventDate "2004.09.08"]
[Source "Roberto Alvarez"]
[SourceDate "2004.09.21"]

1. e4 e6 2. d4 c5 3. c3 Nf6 4. e5 Nd5 5. c4 Ne7 6. d5 d6 7. exd6 Ng6 8. dxe6 Bxe6 9. Nc3 Bxd6 10. Ne4 Qa5+ 11. Bd2 Qc7 12. Nxd6+ Qxd6 13. Be3 Qb6 14. Qb3 Qa5+ 15. Bd2 Qc7 16. Qg3 Qe7 17. O-O-O Nc6 18. Be3 O-O 19. Qg5 f6 20. Qxc5 Qf7 21. Nf3 Rfc8 22. b3 Nge5 23. Nxe5 Nxe5 24. Qa3 a5 25. f4 Nc6 26. Kb2 a4 27. b4 Bxc4 28. Rc1 Bxf1 29. Rhxf1 Qh5 30. Rf2 Qb5 31. Rfc2 Rd8 32. Rc4 Rd5 33. Rc5 Qxb4+ 34. Qxb4 Nxb4 35. Rc8+ Rd8 36. Rxa8 Rxa8 37. Ka3 Nc6 38. Rb1 Re8 39. Bc5 Re2 40. Rxb7 Rc2 41. Bd6 Rd2 42. Bc5 Rc2 43. Bd6 Rd2 44. Bc5 1/2-1/2

[Event "Nathania"]
[Site "Nathania"]
[Date "1977.??.??"]
[Round "?"]
[White "Liberzon, Vladimir M"]
[Black "Bohm, Hans"]
[Result "1-0"]
[WhiteElo "2550"]
[BlackElo "2445"]
[PlyCount "78"]
[EventDate "1977.??.??"]
[Source "www.chesslib.no"]
[SourceDate "2004.05.04"]

1. e4 e6 2. d4 b6 3. Bd3 c5 4. c3 Ba6 5. Bxa6 Nxa6 6. Nf3 Nc7 7. Bg5 Nf6 8. Nbd2 h6 9. Bxf6 Qxf6 10. O-O Qd8 11. Qa4 Be7 12. dxc5 Bxc5 13. c4 O-O 14. Rad1 a6 15. Nb3 b5 16. Qa5 Be7 17. c5 Qc8 18. Rd2 Rd8 19. Qc3 Ne8 20. Nfd4 Nf6 21. f3 Qc7 22. Rc1 Rac8 23. Rdc2 Ne8 24. Qa5 Bg5 25. Re1 Qb7 26. g3 e5 27. Nf5 d6 28. h4 Bf6 29. Rec1 d5 30. Qb6 Qa8 31. c6 dxe4 32. fxe4 Rd3 33. Qb7 Nd6 34. Qxa8 Rxa8 35. Nc5 Nxf5 36. Nxd3 Nxg3 37. c7 Rc8 38. Nb4 Nxe4 39. Nd5 Bxh4 1-0

[Event "Israeli League"]
[Site "?"]
[Date "1999.04.02"]
[Round "6"]
[White "Uritzky Maxim"]
[Black "Rozentalis Eduardas"]
[Result "1-0"]
[WhiteElo "2412"]
[BlackElo "2577"]
[PlyCount "79"]
[EventDate "1999.??.??"]
[Source "www.chesslib.no"]
[SourceDate "2004.05.04"]

1. e4 e6 2. d4 d5 3. Bd3 Nc6 4. c3 e5 5. Nf3 exd4 6. exd5 Qxd5 7. O-O Bd6 8. cxd4 Nge7 9. Nc3 Qh5 10. Ne4 O-O 11. Nxd6 cxd6 12. h3 Nb4 13. Bb1 Qb5 14. Re1 Nbd5 15. Bd3 Qb6 16. Bg5 Nc6 17. Qe2 Ndb4 18. d5 Nxd3 19. Qxd3 Nb4 20. Qe4 f5 21. Qc4 Bd7 22. Re7 Rf7 23. Rae1 Rc8 24. Qb3 Rcf8 25. Bd2 Na6 26. Qxb6 axb6 27. Ng5 Nc7 28. Rxf7 Rxf7 29. Nxf7 Kxf7 30. Bf4 Nxd5 31. Bxd6 Bc6 32. f3 Kf6 33. Kf2 h5 34. h4 g6 35. a3 b5 36. Re2 Kf7 37. Ke1 Kf6 38. Kd2 f4 39. Be5+ Kf7 40. Re4 1-0

[Event "Israeli League"]
[Site "?"]
[Date "1999.05.07"]
[Round "10"]
[White "Uritzky Maxim"]
[Black "Huzman Alexander"]
[Result "1/2-1/2"]
[WhiteElo "2412"]
[BlackElo "2575"]
[PlyCount "105"]
[EventDate "1999.??.??"]
[Source "www.chesslib.no"]
[SourceDate "2004.05.04"]

1. e4 e6 2. d4 d5 3. Bd3 c5 4. exd5 exd5 5. Nf3 c4 6. Be2 Bd6 7. O-O Ne7 8. b3 cxb3 9. axb3 Nbc6 10. c4 O-O 11. Nc3 Bf5 12. Bg5 f6 13. Be3 a6 14. Na4 Kh8 15. Qd2 Be4 16. Nc5 Bxc5 17. dxc5 dxc4 18. bxc4 Nf5 19. Bf4 Qxd2 20. Bxd2 Rad8 21. Bc3 Bd3 22. Bxd3 Rxd3 23. Rfc1 Re8 24. h3 Kg8 25. Rab1 Re7 26. Ne1 Rdd7 27. Nf3 h5 28. Rd1 Rxd1+ 29. Rxd1 Re4 30. Nd2 Re8 31. Nf3 Rd8 32. Rd5 Nfe7 33. Rd6 Kf7 34. g4 hxg4 35. hxg4 Ng6 36. g5 Rxd6 37. cxd6 Ke6 38. gxf6 gxf6 39. c5 Nf8 40. Nd4+ Nxd4 41. Bxd4 Nd7 42. Kf1 Kd5 43. Be3 f5 44. f3 b6 45. cxb6 Kxd6 46. Ke2 Kc6 47. Kd3 Nxb6 48. Kd4 Nd7 49. Bd2 Kd6 50. Bf4+ Ke6 51. Bc7 Nf6 52. Kc5 Nd5 53. Bh2 1/2-1/2

[Event "Graz"]
[Site "?"]
[Date "2006.11.05"]
[Round "3"]
[White "Loeffler Stefan"]
[Black "Bunzmann Dimitrij"]
[Result "0-1"]
[WhiteElo "2448"]
[BlackElo "2530"]
[PlyCount "114"]
[EventDate "2006.??.??"]
[Source "www.chesslib.no"]
[SourceDate "2004.05.04"]

1. d4 e6 2. e4 d5 3. Bd3 c5 4. exd5 exd5 5. Nf3 c4 6. Be2 Bd6 7. b3 cxb3 8. axb3 Ne7 9. O-O Nbc6 10. c4 O-O 11. Nc3 Bb4 12. Na2 Bd6 13. c5 Bc7 14. b4 a6 15. Bg5 f6 16. Bh4 Bg4 17. Bg3 Bxg3 18. hxg3 Nf5 19. Nc3 Nxb4 20. Qb1 a5 21. Bd3 Nxd3 22. Qxd3 Ne7 23. Qb5 Ra7 24. Nd2 Nc6 25. Nb3 Bf5 26. Ra2 Qd7 27. Nxa5 Nxa5 28. Rxa5 Qxb5 29. Rxb5 Bd3 30. Re1 Bxb5 31. Nxb5 Ra4 32. Re7 Rb8 33. f4 g6 34. Rd7 Rb4 35. Nc7 Rxd4 36. Nxd5 Kh8 37. Kf2 Re8 38. Rxh7+ Kxh7 39. Nxf6+ Kh8 40. Nxe8 Rd5 41. Nd6 b6 42. Ke3 Rxc5 43. Kd4 Rc2 44. f5 gxf5 45. Nxf5 b5 46. Ne3 Rc8 47. Nd5 Kg7 48. Ne7 Rc7 49. Nd5 Rc4+ 50. Kd3 Rc8 51. g4 Kh6 52. Ne7 Rc7 53. Nd5 Rd7 54. Ke4 Kg5 55. Ke5 Rd8 56. Kd4 b4 57. Kc4 Rxd5 0-1

[Event "Cannes op 18th"]
[Site "Cannes"]
[Date "1997.??.??"]
[Round "1"]
[White "Sermek, Drazen"]
[Black "Bukal, Vladimir Sr"]
[Result "1-0"]
[WhiteElo "2575"]
[BlackElo "2395"]
[PlyCount "85"]
[EventDate "1997.02.22"]
[Source "ChessBase"]

1. e4 e6 2. d4 c5 3. c3 cxd4 4. cxd4 d5 5. exd5 exd5 6. Nf3 Nc6 7. Bb5 Bb4+ 8. Bd2 Bxd2+ 9. Qxd2 Nge7 10. O-O O-O 11. Re1 Qd6 12. Nc3 a6 13. Bxc6 Nxc6 14. Ne5 Be6 15. Rad1 Rfe8 16. Qf4 Rad8 17. Nd3 Qxf4 18. Nxf4 Kf8 19. h4 Rd6 20. f3 Rc8 21. Re2 g6 22. g4 h6 23. Kf2 b5 24. a3 Kg7 25. Na2 Nd8 26. Nb4 Rc4 27. b3 Rc3 28. Re3 Rc8 29. Nbd3 Rc2+ 30. Re2 Rxe2+ 31. Kxe2 g5 32. Nh5+ Kf8 33. hxg5 hxg5 34. Ne5 Nc6 35. Kd3 b4 36. Rc1 Nxe5+ 37. dxe5 Rb6 38. a4 d4 39. Nf6 Kg7 40. Kxd4 Bxb3 41. Rc8 Ba2 42. a5 Re6 43. f4 1-0

[Event "Corr"]
[Site "?"]
[Date "2002.05.01"]
[Round "?"]
[White "Pauwels Christophe (BEL)"]
[Black "Svoboda Ing.Frantisek (CZE)"]
[Result "1-0"]
[WhiteElo "2487"]
[BlackElo "2473"]
[PlyCount "103"]
[EventDate "2002.??.??"]
[Source "www.chesslib.no"]
[SourceDate "2004.05.04"]

1. e4 e6 2. d4 d5 3. exd5 c5 4. dxc6 Nxc6 5. Nf3 Nf6 6. Bd3 Bd6 7. O-O O-O 8. Re1 Bd7 9. Bg5 h6 10. Bxf6 Qxf6 11. c3 Rfd8 12. Nbd2 Bc7 13. Ne4 Qe7 14. Bc2 Be8 15. Qd3 g6 16. Qe3 Kg7 17. Rad1 Rac8 18. h4 b6 19. Bd3 Qf8 20. Ba6 Rb8 21. Bb5 Ne7 22. Bxe8 Nf5 23. Qd2 Qxe8 24. c4 Qh8 25. Qc3 Kg8 26. d5 Qxc3 27. Nxc3 exd5 28. Nxd5 Bd6 29. g4 Ng7 30. Nd4 Rbc8 31. b3 Kf8 32. Nb5 Bb8 33. Kf1 Ne6 34. a4 g5 35. h5 Nc5 36. Nd4 Rd6 37. f3 Rd7 38. Kg2 Rcd8 39. Re2 Bf4 40. Kf1 Rd6 41. Nf5 Re6 42. b4 Rxe2 43. Kxe2 Nxa4 44. Ra1 b5 45. Nxf4 gxf4 46. Kf1 a6 47. Nxh6 Rd3 48. Nf5 f6 49. c5 Rxf3+ 50. Kg1 Rb3 51. Rd1 Kg8 52. h6 1-0

[Event "ISR-chT"]
[Site "?"]
[Date "2003.03.28"]
[Round "8"]
[White "Uritzky Maxim"]
[Black "Greenfeld Alon"]
[Result "1/2-1/2"]
[WhiteElo "2408"]
[BlackElo "2549"]
[PlyCount "45"]
[EventDate "2003.??.??"]
[Source "www.chesslib.no"]
[SourceDate "2004.05.04"]

1. e4 e6 2. d4 d5 3. Bd3 dxe4 4. Bxe4 Nf6 5. Bd3 c5 6. c3 Nc6 7. Nf3 cxd4 8. cxd4 Be7 9. O-O O-O 10. Nc3 b6 11. a3 Bb7 12. Be3 Rc8 13. Qe2 Nd5 14. Rac1 Na5 15. Nxd5 Qxd5 16. b4 Nb3 17. Rc2 b5 18. Rxc8 Rxc8 19. Bxb5 a5 20. bxa5 Nxa5 21. a4 Bd6 22. Ba6 Bxh2+ 23. Kh1 1/2-1/2

[Event "Voronezh-ch Region"]
[Site "Voronezh"]
[Date "2004.12.12"]
[Round "10"]
[White "Kostin, Alexey"]
[Black "Chernyshov, Konstantin"]
[Result "0-1"]
[WhiteElo "2387"]
[BlackElo "2569"]
[PlyCount "96"]
[EventDate "2004.12.03"]
[Source "Roberto Alvarez"]
[SourceDate "2004.12.13"]

1. e4 e6 2. d4 b6 3. Bd3 Bb7 4. Nf3 d6 5. c4 Be7 6. Nc3 Nd7 7. O-O Ngf6 8. h3 O-O 9. Be3 c5 10. d5 e5 11. a3 Nh5 12. Ne2 g6 13. g4 Ng7 14. Ng3 Nf6 15. Bh6 Kh8 16. Qd2 Ng8 17. Be3 Bc8 18. Qc2 h5 19. gxh5 Bxh3 20. h6 Nh5 21. Rfe1 Nf4 22. Bf1 Bg4 23. Nh2 Bd7 24. Qd2 Bg5 25. f3 Nxh6 26. Ne2 Qf6 27. b4 Kg7 28. bxc5 bxc5 29. Nxf4 Bxf4 30. Bxf4 exf4 31. Rab1 Rab8 32. Qa5 Rxb1 33. Rxb1 Qd4+ 34. Kh1 Ng4 35. fxg4 Qxe4+ 36. Kg1 Qxb1 37. Qc7 Qe4 38. Qxd7 Qe3+ 39. Kh1 Rh8 40. Qxd6 Qf3+ 41. Kg1 Qg3+ 42. Bg2 Qxh2+ 43. Kf1 f3 44. Qxh2 Rxh2 45. Bxf3 Rc2 46. d6 Rxc4 47. d7 Rd4 48. Bc6 Kf6 0-1

[Event "Montreal 3rd"]
[Site "Montreal"]
[Date "2002.08.02"]
[Round "8"]
[White "Bluvshtein, Mark"]
[Black "Degraeve, Jean Marc"]
[Result "0-1"]
[WhiteElo "2367"]
[BlackElo "2586"]
[PlyCount "76"]
[EventDate "2002.07.25"]
[Source "ChessBase"]
[SourceDate "2002.11.12"]

1. e4 e6 2. d4 d5 3. Bd3 c5 4. c3 Nc6 5. Ne2 cxd4 6. cxd4 Nb4 7. Bb5+ Bd7 8. Bxd7+ Qxd7 9. e5 Ne7 10. Nbc3 Nf5 11. a3 Nc6 12. b4 Be7 13. O-O Rc8 14. Qd3 f6 15. g4 Nh4 16. f4 f5 17. h3 fxg4 18. hxg4 h5 19. gxh5 Nf5 20. Kg2 Bh4 21. Nb5 Nce7 22. a4 a6 23. Nd6+ Nxd6 24. exd6 Nf5 25. b5 Rxh5 26. bxa6 bxa6 27. Ba3 Kf7 28. Rfc1 Rxc1 29. Rxc1 Nxd6 30. Bxd6 Qxd6 31. Rc8 Rh6 32. Ra8 Be7 33. Rxa6 Qb4 34. f5 Qb8 35. Qg3 Qb1 36. fxe6+ Kg8 37. Ra8+ Kh7 38. Kf2 Bh4 0-1

[Event "Tula (Russia)"]
[Site "?"]
[Date "2005.02.06"]
[Round "?"]
[White "Afromeev Vladimir"]
[Black "Poletov Vladimir"]
[Result "1-0"]
[WhiteElo "2556"]
[BlackElo "2386"]
[PlyCount "87"]
[EventDate "2005.??.??"]
[Source "www.chesslib.no"]
[SourceDate "2004.05.04"]

1. e4 e6 2. d4 g6 3. Be3 c6 4. Bd3 Bg7 5. Qd2 d5 6. e5 Nd7 7. Ne2 c5 8. c3 Ne7 9. Bb5 O-O 10. Bxd7 Bxd7 11. g4 c4 12. Na3 b5 13. Nc2 a5 14. Bh6 Nc6 15. h4 f6 16. h5 g5 17. Bxg7 Kxg7 18. h6+ Kh8 19. f4 b4 20. fxg5 fxe5 21. Qe3 bxc3 22. bxc3 e4 23. Rf1 Rg8 24. Rf6 Qe7 25. Kd2 e5 26. Raf1 Bxg4 27. Rxc6 Bxe2 28. Kxe2 Qd7 29. Rcf6 Qg4+ 30. Kd2 Rxg5 31. Rf8+ Rg8 32. Rxa8 Rxa8 33. dxe5 Re8 34. Qf4 Qxf4+ 35. Rxf4 Kg8 36. Rf5 Re6 37. Rh5 Kf7 38. Nd4 Rb6 39. e6+ Kf6 40. Rxd5 Rb2+ 41. Ke3 Rxa2 42. Rf5+ Ke7 43. Rf7+ Ke8 44. Rxh7 1-0

[Event "Corr"]
[Site "?"]
[Date "2001.11.01"]
[Round "?"]
[White "Kazoks Aivars (LAT)"]
[Black "Boesenberg Egbert (GER)"]
[Result "1-0"]
[WhiteElo "2484"]
[BlackElo "2454"]
[PlyCount "77"]
[EventDate "2001.??.??"]
[Source "www.chesslib.no"]
[SourceDate "2004.05.04"]

1. e4 e6 2. d4 d6 3. Nc3 Ne7 4. Nf3 Ng6 5. h4 h5 6. Bd3 Nc6 7. Be3 Be7 8. g3 a6 9. Qd2 Nb4 10. Be2 d5 11. e5 c5 12. dxc5 Qa5 13. O-O Nc6 14. Rad1 Bd7 15. a3 Ngxe5 16. Nxe5 Nxe5 17. b4 Qd8 18. Bd4 Qc7 19. Rfe1 f6 20. Qe3 Nc6 21. Bf3 Kf8 22. Qe2 a5 23. Bxd5 axb4 24. axb4 exd5 25. Nxd5 Qd8 26. Bc3 Qe8 27. Rd3 Bg4 28. Qe4 Qf7 29. f3 Re8 30. Nxe7 Rxe7 31. Qxe7+ Qxe7 32. Rxe7 Kxe7 33. fxg4 hxg4 34. b5 Ne5 35. Bxe5 fxe5 36. Rd5 Ke6 37. Rd6+ Kf5 38. c6 bxc6 39. Rxc6 1-0

[Event "Predeal"]
[Site "?"]
[Date "2006.11.10"]
[Round "7"]
[White "Murariu Andrei"]
[Black "Cioara Andrei Nestor"]
[Result "1/2-1/2"]
[WhiteElo "2516"]
[BlackElo "2419"]
[PlyCount "28"]
[EventDate "2006.??.??"]
[Source "www.chesslib.no"]
[SourceDate "2004.05.04"]

1. e4 e6 2. d4 d5 3. Bd3 dxe4 4. Bxe4 Nf6 5. Bd3 c5 6. c3 Nc6 7. Nf3 cxd4 8. cxd4 Be7 9. Nc3 O-O 10. O-O a6 11. a3 b5 12. Bc2 Bb7 13. Qd3 Rc8 14. Re1 b4 1/2-1/2